000 00504nam a2200169Ia 4500
999 _c22163
_d22163
003 OSt
005 20200515090733.0
008 190216s9999||||xx |||||||||||||| ||und||
040 _coclc
082 _a297.5
_bGHA/M
100 _aAl - Ghazali
_92196
245 0 _aMuslims Character /
_cAl - Ghazali
260 _bMuslim Welfare Society,
_c1983.
_aKashmir:
300 _a425p
650 0 _aHistory & geography
_vIslamic History
_92271
942 _cBK
_2ddc
_h297.5
_iGHA/M
_k297.5
_mGHA/M